00546 2200205 4500001002100000005001500021035002000036007000300056008004100059020002200100082001200122084001800134100002100152245006000173250001000233260003800243300002800281650001700309990001400326INLIS00000000000774020260427102033 a0010-0426000051ta260427 | | ind  a978-979-002-488-5 a636.514 a636.514 RAS e1 aRasyaf, Muhammad1 a6 Kunci Sukses Beternak Ayam Kampung /cMuhammad Rasyaf aCet.1 aJakarta :bPenebar Swadaya,c2005 a56 hlm :bilus ;c21 cm 4aAyam Petelur a6146/2024